000
00263cam a22000977a 4500
008
180718b1971 xxu||||| |||| 00| 0 eng d
082
_a
L251x42 Un3
245
_a
Reform of corporation tax
260
_a
London
_b
Her Majesty's Stationery Office
_c
1971
300
_a
15+p.
999
_c
500282
_d
500282